The political dimensions of the Asean crisis

Shranjeno v:
Bibliografske podrobnosti
Format: Knjiga
Jezik:Undetermined
Izdano: Singapore Select Books in association with Friedrich Naumann Foundation 2000
Teme:
Oznake: Označite
Brez oznak, prvi označite!
Thư viện lưu trữ: Trung tâm Học liệu Trường Đại học Cần Thơ
LEADER 00696nam a2200205Ia 4500
001 CTU_170259
008 210402s9999 xx 000 0 und d
020 |c 162.91 
082 |a 338.5095 
082 |b P769 
245 4 |a The political dimensions of the Asean crisis 
245 0 |c Edited by Uwe Johannen, Jürgen Rudolph, and James Gomez 
260 |a Singapore 
260 |b Select Books in association with Friedrich Naumann Foundation 
260 |c 2000 
650 |a Financial crises,Khủng hoảng tài chính Châu Á 
650 |x Political aspects,Khía cạnh chính trị 
650 |z Asia 
910 |a Nguyên 
980 |a Trung tâm Học liệu Trường Đại học Cần Thơ